LEADER 01028nam a2200229 i 4500 001 000000039276 003 CaOOAMICUS 005 20140130000000.0 008 140130s1973 it u000 u ita u 013 $a10006 040 $aSeMil$bita 100 1 $aFestorazzi, Franco .$0(OLS)http://semarc/name/13811 245 10$aIntroduzione alla storia della salvezza :$bcorso completo di studi biblici /$cFranco Festorazzi, Bruno Maggioni. 260 $aTorino-Leumann :$bElle Di Ci,$c1973. 300 $a365 p. ;$c25 cm. 650 4$aBibbia - Introduzioni.$0(OLS)http://semarc/subject/748 700 1 $aMaggioni, Bruno,$d<1932-2020>.$0(OLS)http://semarc/name/4235 850 $aSeMil 852 $aSeMil$W1$xVenegono$y1$m2W IV 181$j5431$B5431$CSeMilBibl$Z2$F5431 $81 961 $aOmaggio: Serenthŕ don Mario 996 $6245$aIntroduzione alla storia della salvezza :$bcorso completo di studi biblici$9(OLS)http://semarc/title/55841 996 $6260$aTorino-Leumann :$bElle Di Ci$9(OLS)http://semarc/publisher/30113 LEADER 00869nam a2200217 i 4500 001 000000192289 003 CaOOAMICUS 005 20100914000000.0 008 100914s1913 it u000 u ita u 013 $a170862 040 $aSeMil$bita 100 1 $aBougaud, Louis-Émile .$0(OLS)http://semarc/name/89884 245 10$aStoria di santa Monica /$cdi monsignor Emilio Bougaud. 250 $aEdizione stereotipa. 260 $aTorino ; Roma :$bMarietti,$c1913. 300 $aXLVIII, 363 p. ;$c18 cm. 650 4$aMonica .$0(OLS)http://semarc/subject/15804 850 $aSeMil 852 $aSeMil$W1$xVenegono$y1$m3J I 107$j142865$B142865$CSeMilBibl$Z2$F154279 $81 996 $6245$aStoria di santa Monica$9(OLS)http://semarc/title/409202 996 $6260$aTorino ; Roma :$bMarietti$9(OLS)http://semarc/publisher/32636